<?xml version="1.0" encoding="UTF-8"?>
<record
    xmlns:xsi="http://www.w3.org/2001/XMLSchema-instance"
    xsi:schemaLocation="http://www.loc.gov/MARC21/slim http://www.loc.gov/standards/marcxml/schema/MARC21slim.xsd"
    xmlns="http://www.loc.gov/MARC21/slim">

  <leader>01138nam a22002657a 4500</leader>
  <controlfield tag="005">2008073005425.0</controlfield>
  <controlfield tag="008">080730t        xxu||||| |||| 00| 0 hin d</controlfield>
  <datafield tag="010" ind1=" " ind2=" ">
    <subfield code="a">HIN-83860</subfield>
  </datafield>
  <datafield tag="020" ind1=" " ind2=" ">
    <subfield code="a">8171640680</subfield>
    <subfield code="c">150.00</subfield>
  </datafield>
  <datafield tag="035" ind1=" " ind2=" ">
    <subfield code="a">HN-56206</subfield>
  </datafield>
  <datafield tag="037" ind1=" " ind2=" ">
    <subfield code="b">DBAD / PUB</subfield>
  </datafield>
  <datafield tag="040" ind1=" " ind2=" ">
    <subfield code="a">DPL</subfield>
    <subfield code="b">HN</subfield>
  </datafield>
  <datafield tag="082" ind1=" " ind2=" ">
    <subfield code="a">634.3345</subfield>
  </datafield>
  <datafield tag="100" ind1=" " ind2=" ">
    <subfield code="a">&#x936;&#x92F;&#x93E;&#x92E; &#x938;&#x93F;&#x902;&#x939;</subfield>
  </datafield>
  <datafield tag="245" ind1=" " ind2=" ">
    <subfield code="a">&#x916;&#x91F;&#x94D;&#x91F;&#x93E; &#x928;&#x940;&#x92C;&#x942; /</subfield>
    <subfield code="c">&#x936;&#x94D;&#x92F;&#x93E;&#x92E; &#x938;&#x93F;&#x902;&#x939;</subfield>
  </datafield>
  <datafield tag="246" ind1=" " ind2=" ">
    <subfield code="a">Khatta neebu</subfield>
    <subfield code="b">by Shyam Singh</subfield>
  </datafield>
  <datafield tag="260" ind1=" " ind2=" ">
    <subfield code="a">&#x928;&#x908; &#x926;&#x93F;&#x932;&#x94D;&#x932;&#x940;</subfield>
    <subfield code="b">&#x915;&#x943;&#x937;&#x93F; &#x938;&#x942;&#x91A;&#x928;&#x93E; &#x90F;&#x935;&#x902; &#x92A;&#x94D;&#x930;&#x915;&#x93E;&#x936;&#x928; &#x928;&#x93F;&#x926;&#x947;&#x936;&#x93E;&#x932;&#x92F;</subfield>
    <subfield code="c">2007</subfield>
  </datafield>
  <datafield tag="270" ind1=" " ind2=" ">
    <subfield code="a">&#x92D;&#x93E;&#x930;&#x924;&#x940;&#x92F; &#x915;&#x943;&#x937;&#x93F; &#x905;&#x928;&#x941;&#x938;&#x902;&#x927;&#x93E;&#x928; &#x92A;&#x930;&#x93F;&#x937;&#x926;</subfield>
    <subfield code="b">&#x928;&#x908; &#x926;&#x93F;&#x932;&#x94D;&#x932;&#x940;</subfield>
    <subfield code="e">110012</subfield>
  </datafield>
  <datafield tag="300" ind1=" " ind2=" ">
    <subfield code="a">138&#x92A;&#x943;.</subfield>
    <subfield code="c">22&#x938;&#x947;&#x92E;&#x940;</subfield>
  </datafield>
  <datafield tag="650" ind1=" " ind2=" ">
    <subfield code="a">&#x928;&#x940;&#x92C;&#x942;</subfield>
  </datafield>
  <datafield tag="650" ind1=" " ind2=" ">
    <subfield code="a">Lemon</subfield>
  </datafield>
  <datafield tag="700" ind1=" " ind2=" ">
    <subfield code="a">&#x938;&#x915;&#x94D;&#x938;&#x947;&#x928;&#x93E;, &#x91C;&#x917;&#x926;&#x940;&#x92A;</subfield>
  </datafield>
  <datafield tag="942" ind1=" " ind2=" ">
    <subfield code="2">ddc</subfield>
    <subfield code="c">HN</subfield>
    <subfield code="h">634.3345</subfield>
    <subfield code="m">&#x936;&#x94D;&#x92F;&#x93E;&#x92E;</subfield>
  </datafield>
  <datafield tag="999" ind1=" " ind2=" ">
    <subfield code="c">14681</subfield>
    <subfield code="d">14681</subfield>
  </datafield>
  <datafield tag="952" ind1=" " ind2=" ">
    <subfield code="0">0</subfield>
    <subfield code="1">0</subfield>
    <subfield code="4">0</subfield>
    <subfield code="7">1</subfield>
    <subfield code="8">NFIC</subfield>
    <subfield code="a">DBAD</subfield>
    <subfield code="b">DBAD</subfield>
    <subfield code="d">2008-07-30</subfield>
    <subfield code="e">DBAD / PUB</subfield>
    <subfield code="g">150.00</subfield>
    <subfield code="l">0</subfield>
    <subfield code="o">634.3345 &#x936;&#x94D;&#x92F;&#x93E;&#x92E;</subfield>
    <subfield code="p">HN-56206</subfield>
    <subfield code="r">2008-09-15 00:00:00</subfield>
    <subfield code="t">1</subfield>
    <subfield code="v">150.00</subfield>
    <subfield code="w">2008-09-15</subfield>
    <subfield code="y">HN</subfield>
  </datafield>
</record>
